| 000 | 00780nam0a22002411 4500 | ||
|---|---|---|---|
| 001 | rc\2971310 | ||
| 005 | 20110907154946.9 | ||
| 035 | _a(NLR Aleph) 007117406 | ||
| 090 |
_a6828564 _c6828564 |
||
| 100 | _a20110907d1939 |||y0rusy50 ca | ||
| 101 | 0 | _arus | |
| 102 | _aRU | ||
| 105 | _ay z ||||| | ||
| 200 | 1 | _aНастоящие полужестокрылые (Hemipiera) Абхазии | |
| 210 |
_a[Тбилиси] _cБ. и. _d[1939] |
||
| 215 | _aС. 123-164 | ||
| 300 | _aВ кн.: Материалы к фауне Абхазии. Тбилиси, 1939. С. 123-164 | ||
| 700 | 1 |
_aКириченко _bА. Н. _f1884- _gАлександр Николаевич |
|
| 801 | 0 |
_aRU _bNLR _gpsbo |
|
| 801 | 1 |
_aRU _bELAR _2rusmarc |
|
| 852 |
_aNLR _j39-3/727 |
||
| 942 | _cBOOK | ||
| 980 | _aNB | ||